Ngữ pháp chức năng tiếng việt

محفوظ في:
التفاصيل البيبلوغرافية
المؤلف الرئيسي: Nguyễn Thị Quy
التنسيق: كتاب
اللغة:Undetermined
منشور في: H. KHXH 2002
الموضوعات:
الوسوم: إضافة وسم
لا توجد وسوم, كن أول من يضع وسما على هذه التسجيلة!
Thư viện lưu trữ: Trung tâm Học liệu Trường Đại học Cần Thơ
LEADER 00495nam a2200181Ia 4500
001 CTU_54614
008 210402s9999 xx 000 0 und d
020 |b 29000 
082 |a 495.9225 
082 |b Qu600 
100 |a Nguyễn Thị Quy 
245 0 |a Ngữ pháp chức năng tiếng việt 
245 0 |c Nguyễn Thị Quy 
260 |a H. 
260 |b KHXH 
260 |c 2002 
650 |a vietnamese language,verb 
980 |a Trung tâm Học liệu Trường Đại học Cần Thơ